[Event "Hotel Montesano Open A"]
[Site "Villa San Giovanni ITA"]
[Date "2005.08.12"]
[Round "6"]
[White "Calzetta Ruiz, Monica"]
[Black "Scharrer, Patrick"]
[Result "1-0"]
[WhiteElo "2282"]
[BlackElo "2209"]
[PlyCount "79"]
[EventDate "2005.08.07"]

1.e4 c5 2.Nf3 Nc6 3.d4 cxd4 4.Nxd4 g6 5.Nc3 Bg7 6.Be3 Nf6 7.Bc4 Qa5 8.O-O 
O-O 9.Nb3 Qc7 10.Bg5 a6 11.Be2 b5 12.Nd5 Qe5 13.Bf4 Qxb2 14.Rb1 Qa3 15.Nb6
Nxe4 16.Nxa8 Nc3 17.Qc1 Nxb1 18.Qxb1 Nb4 19.Nb6 Nxa2 20.Nxc8 Nc3 21.Qe1 
Nxe2+ 22.Qxe2 Rxc8 23.Rd1 Qb4 24.g3 a5 25.Rxd7 a4 26.Nc1 e5 27.Bxe5 Qb1 
28.Bf4 Rf8 29.Kg2 a3 30.Ra7 Bb2 31.Qxb5 Qxc2 32.Nd3 Rd8 33.Bh6 Qc3 34.Qb7 
Qc4 35.Nxb2 axb2 36.Qxb2 Qc6+ 37.f3 f6 38.Rg7+ Kh8 39.Rf7 Kg8 40.Rxf6 1-0

[Event "Hotel Montesano Open A"]
[Site "Villa San Giovanni ITA"]
[Date "2005.08.12"]
[Round "6"]
[White "Caracci, Giuseppe"]
[Black "Rombaldoni, Axel"]
[Result "0-1"]
[WhiteElo "2064"]
[BlackElo "2137"]
[PlyCount "84"]
[EventDate "2005.08.07"]

1.Nf3 d5 2.d4 c6 3.c4 e6 4.e3 f5 5.Nc3 Nf6 6.Qc2 Bd6 7.Bd3 Ne4 8.g3 O-O 9.
Ne5 Nd7 10.Nxd7 Bxd7 11.f3 Ng5 12.Qg2 dxc4 13.Bxc4 b5 14.Bb3 c5 15.h4 Nf7 
16.O-O c4 17.Bc2 b4 18.Ne2 Qb6 19.Kh2 a5 20.e4 b3 21.Bd1 a4 22.a3 Bc7 23.
Bd2 Rfd8 24.Bc3 Nd6 25.Rc1 Bc6 26.e5 Nb5 27.Qf2 Qa7 28.f4 Bb6 29.Qe1 Bd5 
30.Qd2 Be4 31.Bb4 Nxd4 32.Nxd4 Bxd4 33.Bd6 Be3 34.Qc3 Bxc1 35.Qxc1 Qd4 36.
Bb4 Rd7 37.Bc3 Qd3 38.Bh5 Rad8 39.Re1 Qc2+ 40.Be2 Qxc1 41.Rxc1 Rd2 42.Re1 
Bf3 0-1

[Event "Hotel Montesano Open A"]
[Site "Villa San Giovanni ITA"]
[Date "2005.08.12"]
[Round "6"]
[White "Dini, Andrea"]
[Black "Ammendolea, Massimo"]
[Result "1-0"]
[WhiteElo "1875"]
[BlackElo "1871"]
[PlyCount "71"]
[EventDate "2005.08.07"]

1.d4 Nf6 2.c4 e5 3.dxe5 Ng4 4.Bf4 g5 5.Bg3 Bg7 6.Nf3 Nc6 7.Nc3 Ngxe5 8.
Nxe5 Nxe5 9.e3 a5 10.Be2 Ra6 11.Rc1 h5 12.Bxh5 Rd6 13.Nd5 c6 14.Be2 cxd5 
15.cxd5 O-O 16.h4 Rh6 17.h5 Qb6 18.b3 d6 19.Bxe5 Bxe5 20.Rc4 Bg7 21.Qc2 
Bd7 22.Rc7 Bc6 23.Rxc6 bxc6 24.dxc6 Qb4+ 25.Kf1 Rc8 26.Bf3 Qb5+ 27.Qe2 Qc5
28.Qd2 Qf5 29.Ke2 g4 30.Bd5 Rf6 31.f3 gxf3+ 32.gxf3 Rh6 33.Qxa5 Rxc6 34.
Qd8+ Bf8 35.Rg1+ Rg6 36.Rxg6+ 1-0

[Event "Hotel Montesano Open A"]
[Site "Villa San Giovanni ITA"]
[Date "2005.08.12"]
[Round "6"]
[White "Drazic, Sinisa"]
[Black "Lazarev, Vladimir"]
[Result "1/2-1/2"]
[WhiteElo "2497"]
[BlackElo "2518"]
[PlyCount "124"]
[EventDate "2005.08.07"]

1.Nf3 Nf6 2.b3 d5 3.Bb2 Bg4 4.e3 Nbd7 5.c4 e6 6.h3 Bh5 7.Be2 c6 8.O-O Bd6 
9.Nc3 O-O 10.d4 Qe7 11.Ne5 Bxe2 12.Nxe2 Ba3 13.Nxd7 Nxd7 14.Bxa3 Qxa3 15.
Qc1 Qe7 16.Rd1 Rfc8 17.Qb2 b5 18.cxd5 cxd5 19.Rdc1 g5 20.Rc2 Rxc2 21.Qxc2 
Nb6 22.Qd2 Rc8 23.Rc1 Kg7 24.g4 h6 25.Kg2 Qa3 26.Rh1 Nd7 27.h4 Qe7 28.Ng3 
Nf6 29.hxg5 hxg5 30.f3 Qc7 31.Kf2 Qc2 32.Ke2 a5 33.Rd1 a4 34.Qxc2 Rxc2+ 
35.Rd2 Rc3 36.bxa4 bxa4 37.Kf2 Ne8 38.Ne2 Ra3 39.Rc2 Nd6 40.Nc3 Nc4 41.e4 
dxe4 42.fxe4 Nd6 43.Ke2 f5 44.gxf5 exf5 45.e5 Ne4 46.Nxe4 fxe4 47.d5 Rd3 
48.d6 g4 49.Rc4 Rd5 50.Ke3 Kf7 51.Rc7+ Ke6 52.Kf4 Rd2 53.Kxg4 Re2 54.Kf4 
Rf2+ 55.Kg3 Rxa2 56.Re7+ Kf5 57.d7 Rd2 58.e6 a3 59.Re8 a2 60.Ra8 Rd3+ 61.
Kg2 Rd2+ 62.Kg3 Rd3+ 1/2-1/2

[Event "Hotel Montesano Open A"]
[Site "Villa San Giovanni ITA"]
[Date "2005.08.12"]
[Round "6"]
[White "Estremera Panos, Sergio"]
[Black "Mihalj, Miroslav M."]
[Result "1/2-1/2"]
[WhiteElo "2367"]
[BlackElo "2298"]
[PlyCount "20"]
[EventDate "2005.08.07"]

1.d4 Nf6 2.c4 g6 3.Nc3 d5 4.cxd5 Nxd5 5.e4 Nxc3 6.bxc3 Bg7 7.Bc4 O-O 8.Ne2
Nc6 9.O-O b6 10.Bg5 Na5 1/2-1/2

[Event "Hotel Montesano Open A"]
[Site "Villa San Giovanni ITA"]
[Date "2005.08.12"]
[Round "6"]
[White "Falcomata', Gesualdo"]
[Black "Gangemi, Salvatore"]
[Result "0-1"]
[WhiteElo "1918"]
[BlackElo "2104"]
[PlyCount "76"]
[EventDate "2005.08.07"]

1.c4 e5 2.Nc3 Nf6 3.g3 Bc5 4.Bg2 O-O 5.e3 Re8 6.Nge2 c6 7.O-O e4 8.d4 Bf8 
9.d5 Na6 10.a3 d6 11.Qc2 Qe7 12.b4 Bg4 13.dxc6 bxc6 14.Qa4 Qe5 15.Rb1 Nb8 
16.Bb2 Qh5 17.Nf4 Qh6 18.h3 Bf3 19.Ncd5 cxd5 20.Bxf6 Rc8 21.Bd4 dxc4 22.
Nd5 Nc6 23.Bxf3 exf3 24.Qd1 Qxh3 25.Qxf3 Ne5 26.Qg2 Qf5 27.f4 Ng4 28.Rbc1 
Nf6 29.Bxf6 gxf6 30.g4 Qe6 31.Rc3 Rab8 32.e4 Bg7 33.f5 Qe5 34.g5 Kh8 35.
Rh3 fxg5 36.f6 Qd4+ 37.Kh1 Bf8 38.Rf5 g4 0-1

[Event "Hotel Montesano Open A"]
[Site "Villa San Giovanni ITA"]
[Date "2005.08.12"]
[Round "6"]
[White "Forlano, Luigi"]
[Black "Cordi', Domenico"]
[Result "1/2-1/2"]
[WhiteElo "1909"]
[BlackElo "2086"]
[PlyCount "61"]
[EventDate "2005.08.07"]

1.c4 Nf6 2.Nc3 g6 3.e4 d6 4.g3 e5 5.Bg2 Bg7 6.d3 O-O 7.Nge2 c6 8.O-O Na6 
9.Rb1 Be6 10.b4 Qd7 11.a4 Nc7 12.b5 Bh3 13.Ba3 Bxg2 14.Kxg2 Rfe8 15.bxc6 
bxc6 16.Qb3 d5 17.cxd5 cxd5 18.Qb7 a6 19.Rb6 Rec8 20.Rxf6 Bxf6 21.Nxd5 Qd8
22.Nb6 Rab8 23.Qc6 Nb5 24.Nxc8 Rxc8 25.axb5 Rxc6 26.bxc6 Bg5 27.f4 Qxd3 
28.c7 Qxe2+ 29.Kg1 Qe3+ 30.Kg2 Qxe4+ 31.Kg1 1/2-1/2

[Event "Hotel Montesano Open A"]
[Site "Villa San Giovanni ITA"]
[Date "2005.08.12"]
[Round "6"]
[White "Gasperoni, Claudio"]
[Black "Pattarello, Pierluigi"]
[Result "1/2-1/2"]
[WhiteElo "1592"]
[BlackElo "2006"]
[PlyCount "41"]
[EventDate "2005.08.07"]

1.d4 Nf6 2.c4 e6 3.Nf3 b6 4.Nc3 Bb7 5.Bg5 Bb4 6.Qc2 O-O 7.Nd2 h6 8.Bh4 d5 
9.cxd5 exd5 10.a3 Be7 11.e3 c5 12.Nf3 Nc6 13.Rd1 cxd4 14.Nxd4 Nxd4 15.Rxd4
Bc5 16.Rd1 Rc8 17.Qf5 g5 18.Bxg5 hxg5 19.Qxg5+ Kh8 20.Bd3 Qe7 21.Qh6+
1/2-1/2

[Event "Hotel Montesano Open A"]
[Site "Villa San Giovanni ITA"]
[Date "2005.08.12"]
[Round "6"]
[White "Genocchio, Daniele"]
[Black "Sarno, Spartaco"]
[Result "1/2-1/2"]
[WhiteElo "2306"]
[BlackElo "2371"]
[PlyCount "20"]
[EventDate "2005.08.07"]

1.d4 g6 2.c4 Nf6 3.Nf3 Bg7 4.g3 O-O 5.Bg2 c6 6.O-O d5 7.Qb3 a5 8.cxd5 a4 
9.Qa3 Nxd5 10.Bg5 h6 1/2-1/2

[Event "Hotel Montesano Open A"]
[Site "Villa San Giovanni ITA"]
[Date "2005.08.12"]
[Round "6"]
[White "Grimaldi, Fabio"]
[Black "Seminara, Antonio"]
[Result "0-1"]
[WhiteElo "1844"]
[BlackElo "1907"]
[PlyCount "136"]
[EventDate "2005.08.07"]

1.e4 c5 2.Nf3 Nc6 3.d4 cxd4 4.Nxd4 e5 5.Nb5 a6 6.N5c3 Nf6 7.Bg5 Be7 8.Bxf6
Bxf6 9.Nd2 O-O 10.Nd5 b5 11.Bd3 g6 12.Nxf6+ Qxf6 13.O-O Bb7 14.c4 Nd4 15.
cxb5 axb5 16.Nb3 Nxb3 17.Qxb3 Bc6 18.Rfe1 Qe6 19.Qxe6 fxe6 20.Rec1 Rfc8 
21.a3 Kf7 22.f3 Ke7 23.Rc2 Rab8 24.Rac1 Rb6 25.Kf2 Ra8 26.Rc3 Ra4 27.Rb3 
h6 28.Ke3 d5 29.Rxc6 d4+ 30.Kd2 Rxc6 31.Bxb5 Rac4 32.Bxc6 Rxc6 33.Rb5 Kd6 
34.a4 g5 35.Rb3 Ke7 36.a5 Kd6 37.Ra3 Ra6 38.b4 Kc6 39.Rb3 Kb5 40.Kd3 Rc6 
41.g3 h5 42.h3 Rc7 43.f4 gxf4 44.gxf4 Ka4 45.Rb1 Rc3+ 46.Kd2 exf4 47.a6 
Kb5 48.a7 Ra3 49.e5 Rxa7 50.Kd3 Ra3+ 51.Kxd4 Rxh3 52.Ke4 Rh4 53.Kf3 Rh3+ 
54.Kxf4 Rh4+ 55.Kg5 Rxb4 56.Rxb4+ Kxb4 57.Kxh5 Kc4 58.Kg5 Kd4 59.Kf6 Kd5 
60.Kg5 Kxe5 61.Kg4 Ke4 62.Kg3 Kd3 63.Kf4 Kd4 64.Kf3 e5 65.Ke2 Ke4 66.Kf2 
Kd3 67.Ke1 Ke3 68.Kf1 Kd2 0-1

[Event "Hotel Montesano Open A"]
[Site "Villa San Giovanni ITA"]
[Date "2005.08.12"]
[Round "6"]
[White "Guidi, Maurizio"]
[Black "Tricomi, Massimo"]
[Result "1/2-1/2"]
[WhiteElo "2079"]
[BlackElo "1943"]
[PlyCount "114"]
[EventDate "2005.08.07"]

1.d4 d5 2.Nc3 Nf6 3.Bg5 e6 4.e4 dxe4 5.Nxe4 Be7 6.Bxf6 Bxf6 7.Nf3 Nd7 8.
Bd3 Be7 9.O-O c5 10.c3 O-O 11.Qc2 h6 12.Qe2 b6 13.dxc5 bxc5 14.Rad1 Rb8 
15.Bb1 Qb6 16.b3 f5 17.Nd6 Nf6 18.Nxf5 exf5 19.Qxe7 Re8 20.Qd6 Ba6 21.c4 
Ne4 22.Qd5+ Qe6 23.Qxe6+ Rxe6 24.Rd7 Rb7 25.Rxb7 Bxb7 26.Re1 Rd6 27.h3 g6 
28.Ne5 Nc3 29.Nd3 Be4 30.Nxc5 Bxb1 31.Re8+ Kf7 32.Ra8 a6 33.a4 Bc2 34.Ra7+
Kf6 35.Rb7 Ne4 36.Nd7+ Ke6 37.Nf8+ Ke5 38.a5 Nc5 39.Re7+ Kd4 40.b4 Nd3 41.
c5 Rc6 42.Ne6+ Kc4 43.Nd8 Rc8 44.Nb7 Kxb4 45.Re6 Nxc5 46.Rb6+ Ka4 47.Nxc5+
Rxc5 48.Rxa6 Kb5 49.Rxg6 Rc6 50.Rg7 Kxa5 51.g4 fxg4 52.hxg4 Rg6 53.Rxg6 
Bxg6 54.Kg2 Kb5 55.Kg3 Kc5 56.f4 Kd5 57.f5 Bh7 1/2-1/2

[Event "Hotel Montesano Open A"]
[Site "Villa San Giovanni ITA"]
[Date "2005.08.12"]
[Round "6"]
[White "Hirneise, Jens"]
[Black "Sardo, Gabriele"]
[Result "0-1"]
[WhiteElo "2001"]
[BlackElo "2222"]
[PlyCount "86"]
[EventDate "2005.08.07"]

1.e4 c5 2.Nf3 d6 3.d4 cxd4 4.Nxd4 Nf6 5.Nc3 a6 6.Be3 e6 7.f3 b5 8.Qd2 Nbd7
9.g4 h6 10.O-O-O Bb7 11.h4 b4 12.Na4 Qa5 13.b3 Nc5 14.a3 Rc8 15.Qxb4 Qc7 
16.Qb6 Nxa4 17.Qxc7 Rxc7 18.bxa4 d5 19.e5 Bxa3+ 20.Kb1 Nd7 21.Rd3 Be7 22.
f4 O-O 23.g5 Rfc8 24.Bc1 Nc5 25.Rg3 Ne4 26.Rg2 Nc3+ 27.Ka1 h5 28.g6 Bc5 
29.gxf7+ Kxf7 30.Be3 Nd1 31.Rhg1 Nxe3 32.Rxg7+ Ke8 33.Rg8+ Kd7 34.R8g7+ 
Be7 35.Bd3 Rf8 36.R1g6 Rxf4 37.Nxe6 Rxa4+ 38.Kb1 Rc6 39.Ng5 Rxg6 40.Bxg6 
Rb4+ 41.Kc1 Rxh4 42.Nh7 Ke6 43.Rf7 Nc4 0-1

[Event "Hotel Montesano Open A"]
[Site "Villa San Giovanni ITA"]
[Date "2005.08.12"]
[Round "6"]
[White "Nicoletti, Francesco"]
[Black "Hirneise, Tobias"]
[Result "0-1"]
[WhiteElo "1903"]
[BlackElo "2131"]
[PlyCount "50"]
[EventDate "2005.08.07"]

1.Nf3 Nf6 2.c4 g6 3.Nc3 Bg7 4.g3 O-O 5.Bg2 d6 6.O-O e5 7.d3 Nc6 8.Rb1 a5 
9.Bd2 h6 10.a3 Be6 11.Qc1 Kh7 12.b4 axb4 13.axb4 Qd7 14.Re1 Bh3 15.Bh1 Ne7
16.Ra1 Rxa1 17.Qxa1 e4 18.dxe4 Nxe4 19.Qa3 Nxd2 20.Nxd2 Nc6 21.e3 Be6 22.
f4 b6 23.Nd5 Ne7 24.Qa7 Nxd5 25.cxd5 Bh3 0-1

[Event "Hotel Montesano Open A"]
[Site "Villa San Giovanni ITA"]
[Date "2005.08.12"]
[Round "6"]
[White "Safranska, Anda"]
[Black "Rombaldoni, Denis"]
[Result "1/2-1/2"]
[WhiteElo "2291"]
[BlackElo "2327"]
[PlyCount "54"]
[EventDate "2005.08.07"]

1.e4 c6 2.d4 d5 3.e5 Bf5 4.Nf3 e6 5.Be2 Nd7 6.O-O Bg6 7.c3 Nh6 8.Nbd2 Be7 
9.Nb3 Nf5 10.g4 Nh4 11.Nxh4 Bxh4 12.f4 f5 13.exf6 Bxf6 14.Be3 Qc7 15.a4 
Be7 16.Nc1 Bd6 17.Nd3 Bxd3 18.Bxd3 g5 19.Qd2 gxf4 20.Bxf4 O-O-O 21.Bxd6 
Qxd6 22.Qf4 Qe7 23.Rae1 Rdf8 24.Qh6 Rhg8 25.Rxf8+ Nxf8 26.h3 Qg7 27.Qxg7 
Rxg7 1/2-1/2

[Event "Hotel Montesano Open A"]
[Site "Villa San Giovanni ITA"]
[Date "2005.08.12"]
[Round "6"]
[White "Tirrito, Luca"]
[Black "Lupo, Francesco"]
[Result "1-0"]
[WhiteElo "2140"]
[BlackElo "1891"]
[PlyCount "81"]
[EventDate "2005.08.07"]

1.e4 e5 2.Nf3 Nf6 3.d3 d6 4.Be2 Be7 5.O-O O-O 6.Re1 Nbd7 7.Bf1 Re8 8.c3 
Nf8 9.g3 Be6 10.d4 Ng6 11.Ng5 Nf8 12.Nxe6 Nxe6 13.d5 Nf8 14.Bh3 N6d7 15.
Nd2 Bf6 16.Nc4 Ng6 17.Ne3 Bg5 18.Bf5 Ne7 19.Qg4 Bxe3 20.Bxd7 Bxc1 21.Bxe8 
Bxb2 22.Rab1 Bxc3 23.Bxf7+ Kh8 24.Rbc1 Bd4 25.Rc2 Bb6 26.Kg2 Qf8 27.Qe6 
Ng8 28.Bxg8 Qxg8 29.Qxg8+ Kxg8 30.f4 Re8 31.f5 Kf7 32.Kf3 Re7 33.g4 Kg8 
34.h4 Rf7 35.g5 Rd7 36.Kg4 Kf8 37.f6 g6 38.h5 Kg8 39.Rh1 Be3 40.hxg6 hxg6 
41.Rch2 1-0

[Event "Hotel Montesano Open A"]
[Site "Villa San Giovanni ITA"]
[Date "2005.08.12"]
[Round "6"]
[White "Todarello, Giovanni"]
[Black "Pegoraro, Nicola"]
[Result "0-1"]
[WhiteElo "1807"]
[BlackElo "2085"]
[PlyCount "74"]
[EventDate "2005.08.07"]

1.e4 c5 2.Nf3 d6 3.d4 cxd4 4.Nxd4 Nf6 5.Nc3 a6 6.Bg5 e6 7.f4 Qb6 8.Qd2 
Qxb2 9.Rb1 Qa3 10.f5 Nc6 11.fxe6 fxe6 12.Nxc6 bxc6 13.e5 Nd5 14.Nxd5 cxd5 
15.c4 dxc4 16.Bxc4 Qc5 17.Be2 Qxe5 18.O-O Be7 19.Be3 Rf8 20.Bd4 Rxf1+ 21.
Rxf1 Qg5 22.Qc2 Bd7 23.Qxh7 Bc6 24.Qh3 Kd7 25.Bg4 Bd5 26.Re1 Qg6 27.Bh5 
Qg5 28.Bf7 Qh6 29.Qa3 Bf6 30.Be3 Bg5 31.Bxg5 Qxg5 32.Qh3 Qf6 33.Rf1 Qd4+ 
34.Kh1 Qc4 35.Re1 Rf8 36.Qh5 Qxa2 37.Rg1 Qf2 0-1

[Event "Hotel Montesano Open A"]
[Site "Villa San Giovanni ITA"]
[Date "2005.08.12"]
[Round "6"]
[White "Vocaturo, Daniele"]
[Black "Manca, Federico"]
[Result "1/2-1/2"]
[WhiteElo "2372"]
[BlackElo "2390"]
[PlyCount "44"]
[EventDate "2005.08.07"]

1.e4 g6 2.d4 Bg7 3.Nc3 d6 4.Be3 a6 5.Bd3 Nd7 6.Nf3 b5 7.e5 Bb7 8.e6 fxe6 
9.Ng5 Nf8 10.O-O Nf6 11.Re1 Qd7 12.Bd2 h6 13.Nf3 b4 14.Ne4 Nxe4 15.Bxe4 
Bxe4 16.Rxe4 Rb8 17.c3 bxc3 18.bxc3 Qb5 19.Qc2 Qb2 20.Qa4+ Qb5 21.Qc2 Qb2 
22.Qa4+ Qb5 1/2-1/2

[Event "Hotel Montesano Open A"]
[Site "Villa San Giovanni ITA"]
[Date "2005.08.12"]
[Round "6"]
[White "Xia, Jie"]
[Black "Okhotnik, Vladimir"]
[Result "0-1"]
[WhiteElo "2121"]
[BlackElo "2404"]
[PlyCount "80"]
[EventDate "2005.08.07"]

1.e4 c5 2.Nf3 Nf6 3.e5 Nd5 4.c3 Nc6 5.Bc4 Nb6 6.Bb3 c4 7.Bc2 Qc7 8.Qe2 g5 
9.h3 h6 10.Na3 Bg7 11.Nxc4 Nb4 12.Nd6+ Kf8 13.cxb4 Qxc2 14.Nd4 Qc7 15.N4b5
Qc6 16.Nf5 Qxg2 17.Rf1 d5 18.Nxg7 Bxh3 19.d3 Kxg7 20.Be3 Qxf1+ 21.Qxf1 
Bxf1 22.Kxf1 Rhc8 23.Nxa7 Rxa7 24.Bxb6 Ra6 25.Bd4 Rac6 26.Bc3 d4 27.Bxd4 
Rc1+ 28.Rxc1 Rxc1+ 29.Kg2 Ra1 30.a3 Rd1 31.Bc3 b5 32.d4 Kf8 33.Kg3 h5 34.
f4 g4 35.f5 e6 36.f6 Ke8 37.Kh4 Kd7 38.a4 bxa4 39.b5 Rh1+ 40.Kg3 a3 0-1

[Event "Hotel Montesano Open A"]
[Site "Villa San Giovanni ITA"]
[Date "2005.08.13"]
[Round "7"]
[White "Ammendolea, Massimo"]
[Black "Grimaldi, Fabio"]
[Result "1-0"]
[WhiteElo "1871"]
[BlackElo "1844"]
[PlyCount "75"]
[EventDate "2005.08.07"]

1.e4 e5 2.Nf3 Nc6 3.Bc4 Nf6 4.d4 exd4 5.e5 Ng4 6.Bxf7+ Kxf7 7.Ng5+ Kg8 8.
Qxg4 Be7 9.Nf3 d5 10.Qg3 Bf5 11.c3 dxc3 12.bxc3 Qf8 13.O-O Re8 14.Bf4 Bc5 
15.Nbd2 Re6 16.Nh4 h6 17.Ndf3 Kh7 18.Nxf5 Qxf5 19.Nh4 Qf7 20.Qd3+ g6 21.
Bg3 Rd8 22.Nf3 Ne7 23.Nd4 Bxd4 24.cxd4 Nf5 25.Rac1 c6 26.Rc3 Qe7 27.Rb3 b6
28.Bf4 c5 29.dxc5 bxc5 30.Qb1 Nd4 31.Re3 Rf8 32.Bg3 Rb6 33.Qc1 Rfb8 34.e6 
Rxe6 35.Bxb8 Rxe3 36.Qxe3 Qb7 37.Qe8 c4 38.Be5 1-0

[Event "Hotel Montesano Open A"]
[Site "Villa San Giovanni ITA"]
[Date "2005.08.13"]
[Round "7"]
[White "Cavallini, Gianfranco"]
[Black "Caracci, Giuseppe"]
[Result "1/2-1/2"]
[WhiteElo "2005"]
[BlackElo "2064"]
[PlyCount "156"]
[EventDate "2005.08.07"]

1.c4 Nf6 2.Nc3 e6 3.g3 d5 4.cxd5 exd5 5.Nf3 c6 6.Qc2 Be7 7.Bg2 Bg4 8.d4 
Qc8 9.Qb3 O-O 10.Bg5 h6 11.Bf4 Bxf3 12.Bxf3 Na6 13.O-O Qd7 14.Be5 Nh7 15.
Rad1 Ng5 16.Bg2 Rad8 17.a3 Kh8 18.e4 Nxe4 19.Nxe4 dxe4 20.Bxe4 f6 21.Bb1 
Qd5 22.Qc2 Qg8 23.Bf4 g5 24.Be3 f5 25.d5 cxd5 26.Bxa7 Qg7 27.Bd4 Bf6 28.
Qc3 Bxd4 29.Rxd4 Rc8 30.Qd2 Nc7 31.Re1 f4 32.Qd3 fxg3 33.hxg3 Rf7 34.Qg6 
Rcf8 35.Qxg7+ Kxg7 36.Re2 h5 37.a4 Rf6 38.Ba2 R8f7 39.Red2 Rd7 40.b4 b6 
41.g4 h4 42.Bb1 Re7 43.Bf5 Rc6 44.Rd1 Rc3 45.Ra1 Kf6 46.a5 bxa5 47.bxa5 
Re8 48.a6 Ra8 49.Rb4 Rc6 50.a7 Ke7 51.Rb8 Ra6 52.Rc8 Rc6 53.Re1+ Kd6 54.
Rxa8 Nxa8 55.Re8 Nc7 56.a8=Q Nxa8 57.Rxa8 Ke5 58.Rg8 Kf4 59.Kg2 Rd6 60.Bc8
d4 61.Re8 d3 62.Bb7 Rd4 63.Rf8+ Ke5 64.Rf5+ Kd6 65.Bf3 d2 66.Bd1 Re4 67.
Bf3 Rd4 68.Bd1 Re4 69.Rxg5 Re1 70.Bf3 d1=Q 71.Bxd1 Rxd1 72.Rf5 Ke6 73.Rf8 
Ra1 74.g5 Ra5 75.Rf6+ Ke7 76.f4 Ra3 77.Rh6 Kf7 78.f5 Rg3+ 1/2-1/2

[Event "Hotel Montesano Open A"]
[Site "Villa San Giovanni ITA"]
[Date "2005.08.13"]
[Round "7"]
[White "Cordi', Domenico"]
[Black "Dini, Andrea"]
[Result "1/2-1/2"]
[WhiteElo "2086"]
[BlackElo "1875"]
[PlyCount "133"]
[EventDate "2005.08.07"]

1.e4 c5 2.Nf3 d6 3.d4 cxd4 4.Nxd4 Nf6 5.Nc3 g6 6.Bc4 Bg7 7.f3 O-O 8.Be3 
Nc6 9.Qd2 Bd7 10.O-O-O Rc8 11.Bb3 Ne5 12.h4 h5 13.Bh6 Nc4 14.Bxc4 Rxc4 15.
Bxg7 Kxg7 16.Nd5 Nxd5 17.exd5 b5 18.Rhe1 Rc5 19.Qe3 Re8 20.Nb3 Rc7 21.Rd2 
Qc8 22.Qg5 Bf5 23.Nd4 Rc4 24.Rxe7 Rxe7 25.Nxf5+ Qxf5 26.Qxe7 Qf4 27.Qxa7 
Qxh4 28.Qf2 Qg5 29.b3 Rh4 30.c3 Rh1+ 31.Kb2 Kh7 32.Qe2 Rg1 33.a4 bxa4 34.
bxa4 Qf4 35.Qf2 Rh1 36.Qd4 Qf5 37.Qe4 Qg5 38.f4 Qf6 39.a5 Qd8 40.Qb4 Re1 
41.Qb6 Qa8 42.a6 Re8 43.Qxd6 Rb8+ 44.Ka3 Rb5 45.Ka4 Rb1 46.Rd4 Qe8+ 47.Qc6
Qe2 48.Ka5 Qa2+ 49.Ra4 Qf2 50.Rb4 Ra1+ 51.Kb5 Qe2+ 52.c4 Qa2 53.Qb7 Qa5+ 
54.Kc6 Qd8 55.Qxf7+ Kh6 56.Kb7 Re1 57.a7 Re7+ 58.Qxe7 Qxe7+ 59.Kc6 Qxa7 
60.d6 Qa6+ 61.Kd5 Qa5+ 62.Rb5 Qa8+ 63.Kc5 Qa3+ 64.Kc6 Qa8+ 65.Kc7 Qa7+ 66.
Kc8 Qa8+ 67.Kc7 1/2-1/2

[Event "Hotel Montesano Open A"]
[Site "Villa San Giovanni ITA"]
[Date "2005.08.13"]
[Round "7"]
[White "Falcomata', Gesualdo"]
[Black "Panarello, Giuseppe"]
[Result "0-1"]
[WhiteElo "1918"]
[BlackElo "2006"]
[PlyCount "68"]
[EventDate "2005.08.07"]

1.c4 e5 2.Nc3 f5 3.g3 Nf6 4.Bg2 Nc6 5.e3 Bb4 6.Nge2 O-O 7.a3 Bxc3 8.Nxc3 
d6 9.b3 Qe8 10.O-O f4 11.exf4 exf4 12.d4 fxg3 13.fxg3 Bg4 14.Qd3 Qh5 15.
Be3 Ne7 16.Rae1 Nf5 17.Nd5 Nxd5 18.Bxd5+ Kh8 19.Bxb7 Rae8 20.Rf4 Re6 21.
Bd5 Rh6 22.Qd2 Rhf6 23.Rf2 Bh3 24.Bg5 Rg6 25.Be7 Re8 26.Bf3 Bg4 27.Qf4 
Bxf3 28.Rxf3 Rxe7 29.Ref1 Nh6 30.Qf8+ Ng8 31.Qxe7 Nxe7 32.Rf8+ Ng8 33.Re1 
Rf6 34.Rc8 Qf5 0-1

[Event "Hotel Montesano Open A"]
[Site "Villa San Giovanni ITA"]
[Date "2005.08.13"]
[Round "7"]
[White "Gangemi, Salvatore"]
[Black "Xia, Jie"]
[Result "0-1"]
[WhiteElo "2104"]
[BlackElo "2121"]
[PlyCount "104"]
[EventDate "2005.08.07"]

1.c4 Nf6 2.g3 g6 3.Bg2 Bg7 4.Nc3 O-O 5.e4 d6 6.Nge2 c5 7.O-O Nc6 8.d3 Bg4 
9.h3 Bd7 10.Kh2 Rb8 11.Bg5 h6 12.Be3 a6 13.Qd2 Kh7 14.Rab1 b5 15.b3 Qc7 
16.Nd5 Nxd5 17.cxd5 Nd4 18.Bxd4 cxd4 19.Rbc1 Qb6 20.b4 Rfc8 21.h4 Ra8 22.
Rxc8 Rxc8 23.Rc1 e6 24.Rxc8 Bxc8 25.Qc1 Bd7 26.Bh3 a5 27.a3 axb4 28.axb4 
Qa7 29.Nf4 e5 30.Bxd7 exf4 31.Bxb5 fxg3+ 32.Kxg3 Qe7 33.Bc6 f5 34.exf5 
gxf5 35.Qd1 Be5+ 36.Kh3 Qf7 37.Qf3 Kh8 38.b5 Qg6 39.Qg2 Qh5 40.f3 Bf6 41.
Qg3 Be5 42.Qf2 f4 43.Bd7 Qg6 44.b6 Qxd3 45.b7 Qb1 46.Bc8 h5 47.Kg2 d3 48.
Qd2 Bd4 49.Qxf4 Qg1+ 50.Kh3 Qf1+ 51.Kg3 Bf2+ 52.Kh2 Qg1+ 0-1

[Event "Hotel Montesano Open A"]
[Site "Villa San Giovanni ITA"]
[Date "2005.08.13"]
[Round "7"]
[White "Lazarev, Vladimir"]
[Black "Guliyev, Namig"]
[Result "1/2-1/2"]
[WhiteElo "2518"]
[BlackElo "2555"]
[PlyCount "35"]
[EventDate "2005.08.07"]

1.d4 d5 2.c4 dxc4 3.Nf3 e6 4.e3 Nf6 5.Bxc4 c5 6.dxc5 Bxc5 7.Qxd8+ Kxd8 8.
Ke2 Ke7 9.a3 Nbd7 10.b4 Bd6 11.Bb2 Nb6 12.Nbd2 Bd7 13.Bd3 Na4 14.Bd4 Rac8 
15.Rhc1 a6 16.g3 Bb5 17.Bxb5 axb5 18.Nb3 1/2-1/2

[Event "Hotel Montesano Open A"]
[Site "Villa San Giovanni ITA"]
[Date "2005.08.13"]
[Round "7"]
[White "Lupo, Francesco"]
[Black "Altieri, Danilo Mario"]
[Result "1/2-1/2"]
[WhiteElo "1891"]
[BlackElo "2012"]
[PlyCount "106"]
[EventDate "2005.08.07"]

1.e4 d5 2.exd5 Nf6 3.d4 Nxd5 4.Nf3 g6 5.c3 Bg7 6.Nbd2 Bg4 7.Nc4 Nc6 8.Ne3 
Nxe3 9.Bxe3 O-O 10.Be2 Re8 11.O-O e5 12.Nxe5 Bxe2 13.Qxe2 Nxe5 14.dxe5 
Rxe5 15.Qc4 b5 16.Qg4 h5 17.Qf3 Rf5 18.Qe4 Rd5 19.Qc2 a6 20.Rfd1 Rxd1+ 21.
Rxd1 Qe7 22.Qd3 Bf6 23.Qd7 Rd8 24.Qxd8+ Qxd8 25.Rxd8+ Bxd8 26.Kf1 Kg7 27.
Ke2 Kf6 28.Kd3 Ke5 29.b3 c6 30.h3 f5 31.Bd4+ Kd6 32.Ba7 Bc7 33.Be3 Ke6 34.
Bc5 g5 35.Bf8 Be5 36.Bc5 g4 37.Bd4 Bd6 38.c4 Kf7 39.Ke3 f4+ 40.Ke4 f3 41.
hxg4 fxg2 42.f4 hxg4 43.Kf5 g3 44.Kg4 Kg6 45.Bg1 Be7 46.Bd4 Bd6 47.Bg1 Bb4
48.f5+ Kf7 49.Kxg3 Kf6 50.Kxg2 Kxf5 51.Kf3 Ke5 52.Bb6 Bd2 53.Ke2 Bb4 
1/2-1/2

[Event "Hotel Montesano Open A"]
[Site "Villa San Giovanni ITA"]
[Date "2005.08.13"]
[Round "7"]
[White "Manca, Federico"]
[Black "Drazic, Sinisa"]
[Result "1/2-1/2"]
[WhiteElo "2390"]
[BlackElo "2497"]
[PlyCount "175"]
[EventDate "2005.08.07"]

1.e4 e6 2.d4 d5 3.Nc3 dxe4 4.Nxe4 Bd7 5.Nf3 Bc6 6.Bd3 Nd7 7.O-O Be7 8.c4 
Bxe4 9.Bxe4 c6 10.Re1 Ngf6 11.Bc2 O-O 12.Bf4 Re8 13.Qe2 Rc8 14.Rad1 Bb4 
15.Rf1 Bf8 16.Ne5 g6 17.Qe3 Bg7 18.Bh6 Qa5 19.Bxg7 Kxg7 20.Nxd7 Nxd7 21.a3
Qc7 22.Rfe1 Red8 23.Be4 Nf6 24.Bf3 a5 25.Rd2 Rd7 26.Red1 Rcd8 27.h3 b5 28.
d5 exd5 29.cxb5 cxb5 30.Rd4 Re7 31.Qd2 Re5 32.Rc1 Qb6 33.Qc3 Rc8 34.Qxc8 
Qxd4 35.Qc3 Qc4 36.Qd2 Qa4 37.Rc7 b4 38.Qd4 Qe8 39.g3 Re7 40.Rc5 bxa3 41.
bxa3 a4 42.Rxd5 Rd7 43.Rxd7 Qxd7 44.Qb4 g5 45.Kg2 h6 46.Qc4 h5 47.Bc6 Qd2 
48.Qxa4 h4 49.g4 Nd5 50.Bxd5 Qxd5+ 51.Kg1 Qd3 52.Kg2 Qd5+ 53.Kg1 Qd3 54.
Qa5 Qxh3 55.Qxg5+ Kf8 56.a4 Qf3 57.Qd8+ Kg7 58.Qg5+ Kf8 59.Qxh4 Qd1+ 60.
Kg2 Qxa4 61.Qd8+ Kg7 62.Qg5+ Kf8 63.Kg3 Qd4 64.Qe3 Qd6+ 65.f4 Qd1 66.f5 
Kg7 67.g5 Qb1 68.Qd4+ Kg8 69.Kg4 Qb8 70.Qe4 Qd8 71.f6 Qc8+ 72.Kh4 Qb8 73.
Kg4 Qc8+ 74.Qf5 Qc4+ 75.Qf4 Qe2+ 76.Kh4 Qe1+ 77.Kg4 Qd1+ 78.Qf3 Qg1+ 79.
Kf4 Qc1+ 80.Qe3 Qf1+ 81.Kg3 Qc4 82.g6 Qc7+ 83.Kg4 Qd7+ 84.Kg5 Qd5+ 85.Kf4 
Qd6+ 86.Kg5 Qd5+ 87.Kf4 Qd6+ 88.Kg5 1/2-1/2

[Event "Hotel Montesano Open A"]
[Site "Villa San Giovanni ITA"]
[Date "2005.08.13"]
[Round "7"]
[White "Mihalj, Miroslav M."]
[Black "Bartolozzi, Roberto"]
[Result "1/2-1/2"]
[WhiteElo "2298"]
[BlackElo "2126"]
[PlyCount "74"]
[EventDate "2005.08.07"]

1.e4 e6 2.d4 d5 3.Nd2 Nf6 4.Bd3 c5 5.e5 Nfd7 6.c3 b6 7.Qe2 a5 8.Ngf3 Ba6 
9.c4 Nc6 10.O-O Be7 11.cxd5 Bxd3 12.Qxd3 Nb4 13.Qe2 Nxd5 14.Ne4 Qc7 15.Bg5
O-O 16.Rac1 Qd8 17.dxc5 Nxc5 18.Bxe7 Qxe7 19.Nxc5 bxc5 20.Nd2 Rab8 21.Nc4 
Qb7 22.Qd2 a4 23.Rfd1 Rfd8 24.Qa5 Qb5 25.Rd2 Qxa5 26.Nxa5 Nb4 27.Rxd8+ 
Rxd8 28.a3 Nd3 29.Rd1 Kf8 30.Kf1 Rd5 31.Nc4 Rd4 32.g3 Rxc4 33.Rxd3 Rc2 34.
Rd8+ Ke7 35.Ra8 Rxb2 36.Ra7+ Ke8 37.Rxa4 Ra2 1/2-1/2